000 004390000a22001570004500
003 LK-CoMWRAF
008 230817t ||||| |||| 00| 0 eng d
040 _aLK-CoMWRAF
_dLK-CoMWRAF
_eLK-CoMWRAF
041 _aeng
082 _a920
_bINT
245 _aInterwoveness and Sustainable Societies
_bTravels in the Republic of the Spirit
260 _b
_a
_c
300 _ap.26
490 _aTagaytay City, Philippines, October 1998
942 _cBK
999 _c1894
_d1894